000 00467nam a2200181Ia 4500
008 100917s9999 xx 000 0 und d
082 _b61339
100 _aचिखले सुरेश
245 _aग म भ न
260 _bमिरा प्रकाशन
_c1975
300 _a62
365 _b6
520 _aकादंबरी
630 _aग म भ न
650 _aकादंबरी
730 _aग म भ न
942 _cBOOK
999 _c666733
_d666730